| 000 | 00833nam a2200229 a 4500 | ||
|---|---|---|---|
| 001 | BRCA_8902 | ||
| 005 | 20190320210443.0 | ||
| 008 | 160617s1771----sp-#######---#000-0#lat-# | ||
| 041 | _alat | ||
| 044 | _asp | ||
| 084 |
_aCO90 _b.S26 1771 |
||
| 245 | 1 | 0 |
_aSanctissimi domini nostri Benedicti Papae XIV De Synodo Dioecesaa, liri tredecim, in duos tomos distributi _btomus secundus. |
| 260 |
_aMatriti _bEx typographia Blasii Roman _c1771 |
||
| 300 |
_a[4], 578 p. (t.2) _c20.7 x 16 cm |
||
| 500 | _aSuperiorum permissu | ||
| 500 | _aEstado físico: presenta encuadernación en pergamino | ||
| 500 | _aEn portada: Editio secunda Matritensis á quampluribus mendis correcta | ||
| 650 | 1 | 4 |
_aIglesia católica _xHistoria _yObras anteriores a 1800 _921972 |
| 700 | 1 |
_aBlasii Roman _eImpresor _922144 |
|
| 902 | _aCFM | ||
| 942 |
_2lcc _cB |
||
| 999 |
_c8553 _d8553 |
||